000 00586nam a22002177a 4500
003 BUBTL
008 210318b xxu||||| |||| 00| 0 eng d
020 _a0-521-62671-4
082 _a341/SHI
100 _aShaw, Malcolm N.
_94054
245 _aInternational Law
_bMalcolm N. Shaw
250 _a5th
260 _aNew York
_bCambridge University Press
_cc1997
300 _a[xivi] , 939p . :
_b21cm.
500 _aIncludes Index
650 _aLaw
_94055
700 _aMalcolm N. Shaw
_94056
856 _k0
_l0
_yDownload
942 _2ddc
_cBK
999 _c6486
_d6486